Central Library OPAC University of Rajshahi

World cartography / (Record no. 52578)

MARC details
000 -LEADER
fixed length control field 00850nam a2200253 a 4500
001 - CONTROL NUMBER
control field 52578
003 - CONTROL NUMBER IDENTIFIER
rucl marc code BD-RjUL
005 - DATE AND TIME OF LATEST TRANSACTION
control field 20211209075829.0
008 - FIXED-LENGTH DATA ELEMENTS--GENERAL INFORMATION
fixed length control field 160922s1952 nyu x i0 a0eng c
035 ## - SYSTEM CONTROL NUMBER
System control number (BD-RjUL)52698
040 ## - CATALOGING SOURCE
Original cataloging agency MnMULS
Language of cataloging eng
Transcribing agency MnMULS
Modifying agency NIC
-- DNAL
-- OCLCF
-- ICharE
-- BD-RjUL
041 ## - LANGUAGE CODE
Language code of text/sound track or separate title eng
082 04 - DEWEY DECIMAL CLASSIFICATION NUMBER
Classification number 526
Edition number 23
Author mark and year WOR 1951-1952
245 00 - TITLE STATEMENT
Title World cartography /
Statement of responsibility, etc. United Nations
260 ## - PUBLICATION, DISTRIBUTION, ETC. (IMPRINT)
Place of publication, distribution, etc. New York :
Name of publisher, distributor, etc. United Nations, Dept. of Social Affairs,
Date of publication, distribution, etc. 1951-1952
300 ## - PHYSICAL DESCRIPTION
Pagination v. :
Illustrations ill. ;
Size 28 cm
500 ## - GENERAL NOTE
General note ST/ESA/Ser. L and ST/SOA/Ser. L.
505 0# - FORMATTED CONTENTS NOTE
Formatted contents note vol 1 -- Vol. 2 --
515 ## - NUMBERING PECULIARITIES NOTE
Numbering peculiarities note Issued with the United Nations publication sales numbers.
650 #0 - SUBJECT ADDED ENTRY--TOPICAL TERM
Topical term or geographic name as entry element Cartography
Form subdivision Periodicals.
9 (RLIN) 157204
710 2# - ADDED ENTRY--CORPORATE NAME
Corporate name or jurisdiction name as entry element United Nations.
Subordinate unit Department of Social Affairs.
9 (RLIN) 157206
942 ## - ADDED ENTRY ELEMENTS (KOHA)
Source of classification or shelving scheme Dewey Decimal Classification
Koha item type Books
Holdings
Lost status Source of classification or shelving scheme Damaged status Not for loan Collection code Permanent Location Current Location Shelving location Date acquired Source of acquisition Cost, normal purchase price Total Checkouts Full call number Date last seen Copy number Koha item type
  Dewey Decimal Classification     Non-fiction Central Library, University of Rajshahi Central Library, University of Rajshahi   24/01/1962 B.H.Blackwell 18.00   526 WOR 1952 22/09/2016 C-2 Books
  Dewey Decimal Classification     Non-fiction Central Library, University of Rajshahi Central Library, University of Rajshahi   24/01/1962 B.H. Blackwell 18.00   526 WOR V-1 1951 26/09/2016 C-2 Books